Hawaiian Islands Map Quiz - Statistics

General Stats
  • This quiz has been taken 22,199 times
  • The average score is 4 of 8
Answers on the Map
Answers color-coded by a green-red scale on the quiz's map according to % correct below.
 
Answer Stats
Answer % Correct
Hawaiʻi
86%
Oʻahu
70%
Maui
61%
Kauaʻi
48%
Kahoʻolawe
42%
Lānaʻi
40%
Niʻihau
36%
Molokaʻi
35%
No matching quizzes found
Score Distribution
Percent of People with Each Score
Percentile by Number Answered
Your Score History
You have not taken this quiz